000 00336nam a22001457a 4500
008 230516b ||||| |||| 00| 0 eng d
020 _a2901853397355
041 _aeng
080 _a339
082 _a339CAS
100 _a23
101 _aMJEDISI
245 _aCLIMATE CHANGE AND THREATENED COMMUNITIES
_cCASTRO.P
942 _2udc
_cBK
999 _c59725
_d59725